000
00269 a2200097 4500
020
_a
9789354826467
100
_a
V. V. Haridas
245
_a
Madhyakala Keralacharithram(മധ്യകാല കേരളചരിത്രം)
260
_b
D C books
_c
2025
942
_c
OO
999
_c
115360
_d
115359